000 00873nam a2200265Ia 4500
003 OSt
005 20220923220500.0
006 a|||||r|||| 00| 0
007 ta
008 220922b |||||||| |||| 00| 0 hin d
024 _a186,891
037 _cTextual
040 _aARTS
_cARTS
_bhin
041 _2hin
_ahin
082 _aX:8, 152L6
100 _aजैन, रतन कुमार
245 0 _aसफल बनिये
_b सम्पन्न बनिये
246 _aSafal baniye: sampanna baniye
260 _aनागपुर
_b स्वति प्रकाशन
_c1976
300 _a154पृ.
_ccm.
650 _a भारतीय अर्थव्यवस्था
650 _aअर्थशास्त्र
942 _hX:8, 152L6
_cTEXL
_2CC
999 _c340134
_d340134